Belügyminisztériumi felkérés Herrmann Antal részére.
Elmentve itt :
| További közreműködők: | |
|---|---|
| Dokumentumtípus: | Kézirat |
| Megjelent: |
1920-10-07
|
| Kulcsszavak: | cigánykérdés, cigányok kitelepítése |
| Online Access: | http://misc.bibl.u-szeged.hu/46936 |
| LEADER | 00594ntm a2200169 i 4500 | ||
|---|---|---|---|
| 001 | misc46936 | ||
| 005 | 20200526102751.0 | ||
| 008 | 200526s1920 hu o 0|| hun d | ||
| 040 | |a SZTE Miscellanea Repozitórium |b hun | ||
| 041 | |a hun | ||
| 245 | 0 | 0 | |a Belügyminisztériumi felkérés Herrmann Antal részére. |h [elektronikus dokumentum] |
| 260 | |c 1920-10-07 | ||
| 300 | |a 1 | ||
| 561 | |a Herrmann Antal hagyaték | ||
| 695 | |a cigánykérdés, cigányok kitelepítése | ||
| 700 | 0 | 1 | |a Herrmann Antal |
| 856 | 4 | 0 | |u http://misc.bibl.u-szeged.hu/46936/1/hermann_antal_ms_1934_004_egyeb_174.pdf |z Dokumentum-elérés |